|
|
|
|
| LEADER |
01488nam a2200361 a 4500 |
| 001 |
40225 |
| 003 |
BD-DhAAL |
| 005 |
20221215150042.0 |
| 008 |
221215t2007 bg b 001 0 eng |
| 999 |
|
|
|c 45194
|d 45194
|
| 010 |
|
|
|a 2009341168
|
| 020 |
|
|
|a 9847008800031
|
| 025 |
|
|
|a B-E-2009-341168; 23
|
| 037 |
|
|
|b Library of Congress -- New Delhi Overseas Office
|c Tk300.00
|
| 040 |
|
|
|a DLC
|c DLC
|d BD-DhAAL
|
| 042 |
|
|
|a lcode
|
| 043 |
|
|
|a a-bg---
|
| 050 |
0 |
0 |
|a HG178.33.B3
|b M53 2007
|
| 082 |
|
|
|a 332.095492
|2 23
|
| 245 |
0 |
0 |
|a Micro credit, myth manufactured :
|b unveiling appropriation of surplus value and an icon /
|c edited by Farooque Chowdhury ; [preface by Doug Henwood].
|
| 260 |
|
|
|a Dhaka :
|b Shrabon Prokashani,
|c 2007.
|
| 300 |
|
|
|a 266 pages ;
|c 22 cm.
|
| 504 |
|
|
|a Includes bibliographical references and index.
|
| 520 |
|
|
|a Contributed articles on microfinance in Bangladesh and criticism about the Grameen Bank.
|
| 541 |
|
|
|a Donated By Akbar Ali Khan
|e 40225
|
| 600 |
1 |
0 |
|a Yunus, Muhammad,
|d 1940-
|9 52954
|
| 610 |
2 |
0 |
|a Grameen Bank
|x Corrupt practices.
|9 52955
|
| 650 |
|
0 |
|a Microfinance
|z Bangladesh.
|9 52956
|
| 650 |
|
0 |
|a Poverty
|z Bangladesh.
|9 52957
|
| 700 |
1 |
|
|a Chowdhury, Farooque.
|9 52958
|
| 852 |
|
|
|a Ayesha Abed Library
|c Akbar Ali Khan Collection
|
| 942 |
|
|
|2 ddc
|c BK
|
| 952 |
|
|
|0 0
|1 0
|2 ddc
|4 0
|6 332_095492000000000_MIC
|7 1
|9 72508
|a BRACUL
|b BRACUL
|c AAKC
|d 2022-12-15
|e Donated by Akbar Ali Khan
|g 300.00
|l 0
|o 332.095492 MIC
|p 3010040225
|r 2022-12-15
|t 1
|w 2022-12-15
|y BK
|